| 000 -CABECERA |
| fixed length control field |
01926nam a22002657a 4500 |
| 003 - IDENTIFICADOR DEL NÚMERO DE CONTROL |
| control field |
AR-CdUCM |
| 008 - DATOS DE LONGITUD FIJA--INFORMACIÓN GENERAL |
| fixed length control field |
190425b ||||| |||| 00| 0 spa d |
| 040 ## - FUENTE DE LA CATALOGACIÓN |
| Agencia/entidad que catalogó originalmente la obra |
MUNICIPALIDAD PROVINCIAL DEL CUSCO |
| Entidad que transcribió la catalogación |
BIBLIOTECA MUNICIPAL DEL CUSCO |
| 082 ## - NÚMERO DE LA CLASIFICACIÓN DECIMAL DEWEY |
| No. de Clasificación |
Willaq/N°1/1996 |
| 110 ## - ENTRADA PRINCIPAL--NOMBRE DE ENTIDAD CORPORATIVA |
| Nombre de la institución, jurisdicción como entrada principal |
Universidad Nacional de San Antonio Abad del Cusco |
| 9 (RLIN) |
15942 |
| 245 ## - MENCIÓN DE TÍTULO |
| Título |
Willaq : |
| Resto del título |
Revista de Comunicación y Cultura / |
| 260 ## - PUBLICACIÓN, DISTRIBUCIÓN, ETC. |
| Lugar de publicación, distribución, etc. |
Cusco. |
| Nombre de la editorial, distribuidor, etc. |
UNSAAC, |
| Fecha de publicación, distribución, etc. |
1996. |
| 300 ## - DESCRIPCIÓN FÍSICA |
| Nº de Páginas Extensión |
277 páginas. : |
| Dimensiones |
21 cm. |
| 440 ## - MENCIÓN DE SERIE/PUNTO DE ACCESO ADICIONAL--TÍTULO |
| Título |
Willaq Revista de Comunicación y Cultura |
| Número de la parte/sección de una obra |
N°[sn] .1996 |
| 9 (RLIN) |
47078 |
| 505 ## - NOTA DE CONTENIDO CON FORMATO |
| Nota de contenido formateada |
Contenido: La Ciencia de la Comunicación. Gladys G. Concha Flores. -- Potencialidades tecnológicas de los medios de comunicación nuevos usos sociales. Guísela Yabar Torres. -- Motivación y comportamiento Humano. Julio Abarca. -- Contactos interlingüísticas del castellano en el Perú. Urbano López Romero. -- Diccionario consolidado Quechua en circulación. Julio Apaza Gonzales. -- Pérez Ocampo o la poesía de un plural desvelo. Mario Pantoja Palomino. -- Los mitos Incas en los comentarios reales. Julio Galdo Bellota. -- José María Arguedas itinerario de un educador. Ángel Núñez Salas. -- Machupicchu expresión del poder de los Inkas en los mitos andinos. Efraín Cáceres. -- Apuntes para una historia de la imprenta en el Perú. Enrique Rozas Paravicino. -- El observatorio astronómico Inka de Sacsayhuaman. Julio Palomino Díaz. -- El vocablo Indio. Félix Rocabado Muriel. -- Perú Suyanman kuinpuspay volviendo a mi patria el Perú. Faustino Espinoza Navarro. -- Filosofía Andina. Armando Valenzuela Lovón... |
| 650 ## - PUNTO DE ACCESO ADICIONAL DE MATERIA--TÉRMINO DE MATERIA |
| Descriptor |
Comunicación |
| 9 (RLIN) |
47079 |
| 650 ## - PUNTO DE ACCESO ADICIONAL DE MATERIA--TÉRMINO DE MATERIA |
| Descriptor |
Lingüística |
| 9 (RLIN) |
1640 |
| 650 ## - PUNTO DE ACCESO ADICIONAL DE MATERIA--TÉRMINO DE MATERIA |
| Descriptor |
Inkas |
| 9 (RLIN) |
1899 |
| 700 ## - PUNTO DE ACCESO ADICIONAL--NOMBRE DE PERSONA |
| Nombre Personal |
Concha Flores, Gladys |
| 9 (RLIN) |
46837 |
| 700 ## - PUNTO DE ACCESO ADICIONAL--NOMBRE DE PERSONA |
| Nombre Personal |
Yabar Torres, Guísela |
| 9 (RLIN) |
47080 |
| 700 ## - PUNTO DE ACCESO ADICIONAL--NOMBRE DE PERSONA |
| Nombre Personal |
López Romero, Urbano |
| 9 (RLIN) |
47081 |
| 942 ## - ELEMENTOS DE PUNTO DE ACCESO ADICIONAL (KOHA) |
| Fuente de clasificación |
|
| Tipo de item |
Revistas cusqueñas |
| 945 ## - PROCESAMIENTO DE INFORMACIÓN LOCAL (OCLC) |
| Catalogador |
rac |